| 000 | 01881nam0a2200397 4500 | ||
|---|---|---|---|
| 001 | RU\NLR\bibl\917732 | ||
| 005 | 20251124140818.0 | ||
| 010 |
_a5-17-033895-3 _bООО "Изд-во АСТ" |
||
| 010 |
_a5-271-12752-4 _bООО "Изд-во Астрель" |
||
| 010 |
_a3-468-20291-1 _bнем. |
||
| 021 |
_aRU _b2005-87149 _94315 |
||
| 035 | _a(NLR Aleph) 000906026 | ||
| 035 | _a(nilc)RSL-KNO-002813355 | ||
| 090 |
_a18031 _c18031 |
||
| 100 | _a20060116d2006 u y0rusy50 ca | ||
| 101 | 0 |
_arus _ager |
|
| 102 | _aRU | ||
| 105 | _ay ||||||||| | ||
| 106 | _ar | ||
| 200 | 1 |
_aУчебный русско-немецкий словарь _eтематический словарь с примерами словоупотребления _fсост. Людмила Хайнце |
|
| 210 |
_aМосква _cАСТ _cАстрель _d2006 _gГУПП Дет. кн. |
||
| 215 |
_a312 с. _d21 |
||
| 300 | _aНа тит. л. и обл. также изд-во : Langenscheidt | ||
| 320 | _aАлф. указ.: с. 270-312 | ||
| 606 | 1 |
_aРусский язык _xТематические словари _xНемецкий язык _91591775 _3RU\NLR\auth\66998363 |
|
| 610 | 0 | _aФилологические науки. Художественная литература -- Языкознание -- Индоевропейские языки -- Германские языки -- Западногерманские языки -- Немецкий язык -- Лексикография -- Параллельные словари | |
| 686 | 1 | _aШ141.12-491тем | |
| 686 | 1 | _aШ143.24-491тем | |
| 702 | 1 |
_aХайнце _bЛ. И. _gЛюдмила Игнатьевна _4220 |
|
| 801 | 0 |
_aRU _bРКП _c20060116 _grcr |
|
| 801 | 1 |
_aRU _bРГБ _c20060116 |
|
| 801 | 2 |
_aRU _bNLR _c20060317 _grcr |
|
| 942 | _cBOOK | ||
| 980 | _aNB | ||